000 01557nam0a22003731 4500
001 v19\rc\1582330
005 20260406161347.0
035 _a(NLR Aleph) 004836040
090 _a4772335
_c4772335
100 _a20061002d1895 |||y0rusy50 ca
101 1 _arus
_ceng
102 _aRU
105 _ay z |||a|
200 1 _aI. Рождественская ночь
_aII. Счастье "Ревущего стана"
_eДва рассказа Брет-Гарта
210 _aМосква
_c[Посредник]
_d1895
215 _a71 с.
_d17
300 _aНа тит. л.: № 126
300 _aЗагл. ориг.: How santa Claus came to Simpson's bar
300 _aПер. также под загл.: Подарок святого Николая, Ночь под рождество
451 0 _12001#$aПодарок святого Николая
_tПодарок святого Николая
451 0 _12001#$aНочь под рождество
_tНочь под рождество
454 0 _12001#$aHow santa Claus came to Simpson's bar
_tHow santa Claus came to Simpson's bar
517 0 _aРождественская ночь
517 0 _aСчастье "Ревущего стана"
700 1 _8rus
_7ca
_aГарт
_bФ. Б.
_f1836-1902
_gФрэнсис Брет
_3RU\NLR\AUTH\778746
_9118637
801 0 _aRU
_bNLR
_gpsbo
801 0 _aRU
_bRuMoRGB
_2psbo
801 1 _aRU
_bProSoft-M
_2rusmarc
852 _aNLR
_j18.265.8.13
899 _aRuMoRGB
_jA 161/643
899 _aБАН
942 _cBOOK
980 _aNB